000 01448cam a2200337 a 4500
999 _c6616
_d6616
001 11992594
003 OSt
005 20200207130510.0
008 000502s2001 maua b 001 0 eng
010 _a 00033702
020 _a9781405124003
040 _aDLC
_cDDC
_dDLC
043 _ae------
082 0 0 _a303 SOC 2008.
100 _aHewstone,Miles;Stroebe,Wolfgang;Jonas,Klaus;
_913613
245 0 0 _aIntroduction to social psychology :
_ba European perspective /
_cedited by Miles Hewstone and Wolfgang Stroebe.
250 _a4th ed.
260 _aOxford, UK ;
_bBlackwell Publishers,
_c2008
300 _axv,409p; p. :
_bill. ;
_c25 cm.
504 _aIncludes bibliographical references (p. [607]-682) and indexes.
650 0 _aSocial psychology.
_91818
650 0 _aSocial psychology
_zEurope.
_95141
700 1 _aHewstone, Miles.
_95142
700 1 _aStroebe, Wolfgang.
_95143
856 4 1 _3Table of contents only
_uhttp://www.loc.gov/catdir/enhancements/fy0802/00033702-t.html
856 4 2 _3Publisher description
_uhttp://www.loc.gov/catdir/enhancements/fy0802/00033702-d.html
856 4 2 _3Contributor biographical information
_uhttp://www.loc.gov/catdir/enhancements/fy0802/00033702-b.html
906 _a7
_bcbc
_corignew
_d1
_eocip
_f20
_gy-gencatlg
942 _2ddc
_cO_SHELF